|
|
|
|
| LEADER |
00000cam a2200000 a 4500 |
| 001 |
vtls008384944 |
| 003 |
SK-MaSNL |
| 005 |
20260302074703.0 |
| 008 |
250313s1942 xo 000 0 slo |
| 015 |
|
|
|a SNBA19421945-073/1647
|
| 035 |
|
|
|a SK01SNKBKSD220010077161
|
| 035 |
|
|
|a urn:nbn:sk:snk-am3iaw1
|
| 035 |
|
|
|a urn:nbn:sk:snk-am00dgwc
|
| 035 |
|
|
|a 91B47C38-7B05-4096-90D3-CBB12E4E18D9
|
| 035 |
|
|
|a SKM000079624
|
| 040 |
|
|
|a SNK
|b slo
|c SNK
|e AACR2
|
| 041 |
0 |
|
|a slo
|
| 044 |
|
|
|a xo
|c SK
|
| 080 |
|
|
|a 24
|2 1981
|
| 100 |
1 |
|
|a Mattoška, Libor Jozef,
|d 1891-1958
|4 aut
|9 172897
|
| 245 |
1 |
0 |
|a Ľalia medzi tŕním
|b katolícke dievča v duševnom živote
|c L. Mattoška
|
| 250 |
|
|
|a [1. vyd.]
|
| 260 |
|
|
|a Kremnica
|b Serafínsky svet
|c 1942
|e Zvolen
|f Kníhtlačiareň Andreja
|
| 300 |
|
|
|a 322, [iii] s.
|c 8°
|
| 490 |
0 |
|
|a Knižnica Serafínskeho sveta
|v sv. 3
|
| 650 |
0 |
7 |
|a dievčatá
|2 SNKPH
|9 771
|
| 650 |
0 |
7 |
|a náboženská výchova
|2 SNKPH
|9 67239
|
| 650 |
0 |
7 |
|a katolícka výchova
|2 SNKPH
|9 74864
|
| 650 |
0 |
7 |
|a sexuálna výchova
|2 SNKPH
|9 2589
|
| 650 |
0 |
7 |
|a mravná výchova
|2 SNKPH
|9 70463
|
| 655 |
|
7 |
|a príručky
|2 SNKPH
|9 74364
|
| 830 |
|
0 |
|a Knižnica Serafínskeho sveta
|9 309117
|
| 852 |
|
|
|a Slovenská národná knižnica
|
| 958 |
|
|
|a OND
|
| 958 |
|
|
|a RK
|
| 958 |
|
|
|a TL
|
| 999 |
|
|
|c 1166064
|d 1167994
|
| 952 |
|
|
|t P60, <05>, [BOOK], {605}
|a SNK
|b SNK
|y PREZ
|7 0
|p 17A0030161
|o snkSD 4857/3 D1
|0 0
|1 0
|4 0
|d 1997-01-08
|l 0
|r 2005-01-01 00:00:00
|w 2026-02-24
|
| 952 |
|
|
|a SNK
|b SNK
|y PREZ
|7 0
|p 17A0907299
|o snkSD 4857/3
|i snk4626/55
|8 3
|0 0
|1 0
|4 0
|d 2018-06-14
|f 1
|l 0
|r 2025-11-11 00:00:00
|w 2026-02-24
|